00575nam a22001697a 4500003000200000005001700002008004100019020002200060050002300082100001700105245004800122260007200170300002900242500004100271504005200312650004100364020230929125750.0230929b xxu||||| |||| 00| 0 eng d a978-621-427-085-9 aHD 62.4b.M37 2021 aMartin, Matt aInternational business & tradecMatt Martin aManilabUnlimited Books Library Services & Publishing Inc. cc2021. ax, 293 pages ; c26 cm.  aInternational business enterprises.  aIncludes bibliographical references and index.  aInternational business enterprises.